|
|
|
|
| LEADER |
00000nam0a2200000 4500 |
| 001 |
91664 |
| 005 |
20231101213803.0 |
| 020 |
|
|
|a RU
|b 87-18818
|
| 035 |
|
|
|a (RuTPU)RU\TPU\book\98253
|
| 090 |
|
|
|a 91664
|
| 100 |
|
|
|a 20060228d1987 k y0rusy5003 ca
|
| 101 |
0 |
|
|a rus
|
| 102 |
|
|
|a RU
|
| 105 |
|
|
|a a z 000zy
|
| 200 |
1 |
|
|a Плутонизм и нептунизм в развитии учения о рудных месторождениях
|f В. И. Смирнов
|g Академия наук СССР, Отделение геологии, геофизики, геохимии и горных наук, Научный совет по рудообразованию
|
| 210 |
|
|
|a Москва
|c Наука
|d 1987
|
| 215 |
|
|
|a 92 с.
|c ил.
|
| 317 |
|
|
|5 63413507: КР-7567
|a Поступил в НТБ в 2021 г. в дар от семьи профессора ТПУ Л. П. Рихванова
|
| 330 |
|
|
|a Рассмотрено развитие науки о рудных месторождениях в свете противоборства идей плутонизма и нептунизма. Древнейший и древний периоды возникновения основ плутонизма и нептунизма. Возрождение идей плутонизма и нептунизма в Европе, накопление эмпирических знаний о месторождениях полезных ископаемых в России. Расцвет горной промышленности и зарождение науки о рудных месторождениях в эпоху Петра 1 и М.В. Ломоносова. Обострение борьбы плутонистов и нептунистов в позднее средневековье. Реалистические взгляды питомцев Петербургского горного училища и университетских профессоров геологии. Отказ от монистических взглядов плутонистов и нептунистов на науку в целом, но сохранение их противостояния для отдельных генетических групп рудных месторождений в новое и новейшее время. Книга рассчитана на широкий круг геологов, геохимиков и минералогов.
|
| 606 |
1 |
|
|a Рудные (металлоносные) месторождения
|2 stltpush
|3 (RuTPU)RU\TPU\subj\26025
|9 50044
|
| 610 |
1 |
|
|a рудообразование
|
| 610 |
1 |
|
|a геологическая наука
|
| 610 |
1 |
|
|a история
|
| 610 |
1 |
|
|a теория
|
| 610 |
1 |
|
|a геология
|
| 610 |
1 |
|
|a профессора
|
| 610 |
1 |
|
|a Библиотека Л. П. Рихванова
|
| 610 |
1 |
|
|a дары библиотеке
|
| 675 |
|
|
|a 553.3/.4(09)
|v 3
|
| 700 |
|
1 |
|a Смирнов
|b В. И.
|g Владимир Иванович
|
| 712 |
0 |
2 |
|a Академия наук СССР
|b Отделение геологии, геофизики, геохимии и горных наук
|b Научный совет по рудообразованию
|c (Ленинград/Москва)
|c (1925-1991)
|2 stltpush
|3 (RuTPU)RU\TPU\col\722
|
| 801 |
|
0 |
|a RU
|b RuMRKP
|c 19950417
|g psbo
|
| 801 |
|
1 |
|a RU
|b 63413507
|c 20060228
|g PSBO
|
| 801 |
|
2 |
|a RU
|b 63413507
|c 20220704
|g PSBO
|
| 942 |
|
|
|c BK
|